Globalization in the 21st Century : (Record no. 15089)
[ view plain ]
| 000 -LEADER | |
|---|---|
| fixed length control field | 02452cam a2200385 a 4500 |
| 001 - CONTROL NUMBER | |
| control field | 16218294 |
| 005 - DATE AND TIME OF LATEST TRANSACTION | |
| control field | 20201128020855.0 |
| 008 - FIXED-LENGTH DATA ELEMENTS--GENERAL INFORMATION | |
| fixed length control field | 100505s2008 ts ab b 101 0 eng d |
| 010 ## - LIBRARY OF CONGRESS CONTROL NUMBER | |
| LC control number | 2010404530 |
| 015 ## - NATIONAL BIBLIOGRAPHY NUMBER | |
| National bibliography number | GBA8C4885 |
| Source | bnb |
| 015 ## - NATIONAL BIBLIOGRAPHY NUMBER | |
| National bibliography number | 014-78932 |
| Source | bnb |
| 015 ## - NATIONAL BIBLIOGRAPHY NUMBER | |
| National bibliography number | GBA-8C488 |
| Source | bnb |
| 016 7# - NATIONAL BIBLIOGRAPHIC AGENCY CONTROL NUMBER | |
| Record control number | 014789320 |
| Source | Uk |
| 020 ## - INTERNATIONAL STANDARD BOOK NUMBER | |
| International Standard Book Number | 9948009592 (pbk.) |
| 020 ## - INTERNATIONAL STANDARD BOOK NUMBER | |
| International Standard Book Number | 9789948009597 (pbk.) |
| 035 ## - SYSTEM CONTROL NUMBER | |
| System control number | (OCoLC)ocn267248916 |
| 040 ## - CATALOGING SOURCE | |
| Original cataloging agency | UKM |
| Transcribing agency | UKM |
| Modifying agency | YDXCP |
| -- | BWX |
| -- | OCLCQ |
| -- | IXA |
| -- | CUV |
| -- | OKU |
| -- | GBVCP |
| -- | DLC |
| 042 ## - AUTHENTICATION CODE | |
| Authentication code | lccopycat |
| 050 00 - LIBRARY OF CONGRESS CALL NUMBER | |
| Classification number | JZ1318 |
| Item number | .G5793 2007 |
| 082 04 - DEWEY DECIMAL CLASSIFICATION NUMBER | |
| Classification number | 327 |
| Edition number | 22 |
| Item number | GLO |
| 245 00 - TITLE STATEMENT | |
| Title | Globalization in the 21st Century : |
| Remainder of title | How Interconnected is the World? |
| 246 3# - VARYING FORM OF TITLE | |
| Title proper/short title | Globalization in the twenty-first century |
| 260 ## - PUBLICATION, DISTRIBUTION, ETC. (IMPRINT) | |
| Place of publication, distribution, etc | Abu Dhabi : |
| Name of publisher, distributor, etc | Emirates Center for Strategic Studies and Research, 2008 |
| Date of publication, distribution, etc | 2008. |
| 300 ## - PHYSICAL DESCRIPTION | |
| Extent | xvi, 352 p. : |
| Other physical details | ill., map ; |
| Dimensions | 24 cm. |
| 500 ## - GENERAL NOTE | |
| General note | ... conference under the title "Globalization in the 21st Century : How Interconnected is the World?" in Abu Dhabi on April 23-25, 2007"--P. [4] of cover. |
| 504 ## - BIBLIOGRAPHY, ETC. NOTE | |
| Bibliography, etc | Includes bibliographical references (p. 305-334) and index. |
| 505 0# - FORMATTED CONTENTS NOTE | |
| Formatted contents note | Globalization today : how interconnected is the world? / William S. Cohen -- Free trade and open market policies : who benefits? / Duane Windsor -- Regional and inter-regional trade agreements : examining their role for the Middle East / Jeffrey H. Bergstrand, Scott L. Baier, and Patrick A. McLaughlin -- Globalization, migration, and challenges to states / Robert K. Schaeffer -- Immigration and outsourcing : the growing fault lines and aftershocks of globalization / John Mahon -- Social implications of corporate responsibility : demands on global organizations / Steven L. Wartick -- Globalization and religion / Bahman Baktiari -- The world economy and the new middle ages / John Rapley -- Globalization and the international order / Hassan Abu Nimah -- Religious fundamentalism and terrorism / Sebesty�en L. v Gorka -- Pathways to proliferation and containing the spread of WMD / Mohamed Kadry Said. |
| 650 #0 - SUBJECT ADDED ENTRY--TOPICAL TERM | |
| Topical term or geographic name as entry element | Globalization |
| Form subdivision | Congresses. |
| 9 (RLIN) | 22965 |
| 650 #0 - SUBJECT ADDED ENTRY--TOPICAL TERM | |
| Topical term or geographic name as entry element | National security |
| Form subdivision | Congresses. |
| 9 (RLIN) | 22966 |
| 650 #0 - SUBJECT ADDED ENTRY--TOPICAL TERM | |
| Topical term or geographic name as entry element | Security, International |
| Form subdivision | Congresses. |
| 9 (RLIN) | 22967 |
| 650 #0 - SUBJECT ADDED ENTRY--TOPICAL TERM | |
| Topical term or geographic name as entry element | World politics |
| Chronological subdivision | 21st century |
| Form subdivision | Congresses. |
| 9 (RLIN) | 22968 |
| 710 2# - ADDED ENTRY--CORPORATE NAME | |
| Corporate name or jurisdiction name as entry element | The Emirates Center For Strategic Studies And Research. |
| 9 (RLIN) | 1034 |
| 942 ## - ADDED ENTRY ELEMENTS (KOHA) | |
| Source of classification or shelving scheme | Dewey Decimal Classification |
| Item type | Book - Borrowing |
| Withdrawn status | Item status | Source of classification or shelving scheme | Damaged status | Not for loan | Vendor | Home library | Current library | Shelving location | Date acquired | Source of acquisition | Cost, normal purchase price | Total Checkouts | Total Renewals | Full call number | Barcode | Date last seen | Date last borrowed | Koha item type |
|---|---|---|---|---|---|---|---|---|---|---|---|---|---|---|---|---|---|---|
| Dewey Decimal Classification | AUC | Central Library | Central Library | First floor | 07/04/2011 | 114.00 | 7 | 12 | 327 GLO | 000023193 | 15/07/2025 | 28/11/2022 | Book - Borrowing |